[Event "Bretagne"]
[Site "Bretagne"]
[Date "1999.??.??"]
[Round "9"]
[White "Popescu, Daniel Dorin"]
[Black "Herdier, Goulwenn"]
[Result "0-1"]
[WhiteElo "2365"]
[BlackElo "2225"]
[PlyCount "73"]
[EventDate "1999.??.??"]
[EventType "tourn"]
[EventRounds "9"]
[EventCountry "FRA"]
[EventCategory "3"]
[SourceTitle "EXT 2000"]
[Source "ChessBase"]
[SourceDate "1999.11.16"]
[SourceVersion "1"]
[SourceVersionDate "1999.11.16"]
[SourceQuality "1"]

1. e4 c5 2. Nc3 Nc6 3. f4 g6 4. Nf3 Bg7 5. Bc4 e6 6. 0-0 Nge7 7. d3 0-0 8. Bb3 d5 9. Qe1 Na5 10. Bd2 Nxb3 11. axb3 Nc6 12. Qg3 b6 13. e5 Bd7 14. Ne2 f6 15. d4 Qc7 16. Rae1 a5 17. h4 Kh8 18. Bc3 fxe5 19. fxe5 Ne7 20. dxc5 bxc5 21. Nf4 d4 22. Bd2 Rf5 23. Ng5 Bxe5 24. Rxe5 Qxe5 25. Re1 Rxg5 26. hxg5 Qf5 27. Nd3 Bc6 28. Rf1 Qd5 29. Rf7 Nf5 30. Qh2 Nh4 31. Nf4 Qxg5 32. Nxe6 Qd5 33. Bg5 Qxe6 34. Bf6+ Kg8 35. Rg7+ Kf8 36. Qxh4 Qe2 37. Rxg6 0-1

[Event "Syre Memorial op 20th"]
[Site "Issy les Moulineaux"]
[Date "1997.05.??"]
[Round "?"]
[White "Bricard, Emmanuel"]
[Black "Herdier, Goulwenn"]
[Result "1-0"]
[WhiteElo "2445"]
[BlackElo "2120"]
[PlyCount "67"]
[EventDate "1997.05.??"]
[EventType "swiss"]
[EventRounds "9"]
[EventCountry "FRA"]
[SourceTitle "EXT 2007"]
[Source "ChessBase"]
[SourceDate "2006.11.23"]
[SourceVersion "1"]
[SourceVersionDate "2006.11.23"]
[SourceQuality "1"]

1. d4 Nf6 2. c4 g6 3. Nc3 Bg7 4. e4 d6 5. Nge2 0-0 6. f3 e5 7. Bg5 h6 8. Be3 exd4 9. Nxd4 Bd7 10. Be2 Nc6 11. 0-0 Ne5 12. Qd2 Kh7 13. h3 Qc8 14. f4 Nc6 15. Bf3 Nxd4 16. Bxd4 Be6 17. Nd5 Ne8 18. Rae1 Qd8 19. Bxg7 Kxg7 20. Qc3+ Kh7 21. Ne3 f6 22. f5 Bf7 23. fxg6+ Bxg6 24. Bg4 Ng7 25. Nd5 Ne8 26. Bf5 Bxf5 27. exf5 Rf7 28. Qf3 Kh8 29. Qh5 Rh7 30. Rf3 c6 31. Nf4 Qd7 32. Rfe3 Ng7 33. Qg6 Rf8 34. Re7 1-0

[Event "Syre Memorial op 20th"]
[Site "Issy les Moulineaux"]
[Date "1997.05.??"]
[Round "?"]
[White "Herdier, Goulwenn"]
[Black "Szitas, Gabor"]
[Result "1-0"]
[WhiteElo "2120"]
[BlackElo "2170"]
[PlyCount "65"]
[EventDate "1997.05.??"]
[EventType "swiss"]
[EventRounds "9"]
[EventCountry "FRA"]
[SourceTitle "EXT 2007"]
[Source "ChessBase"]
[SourceDate "2006.11.23"]
[SourceVersion "1"]
[SourceVersionDate "2006.11.23"]
[SourceQuality "1"]

1. Nc3 d5 2. e4 dxe4 3. Nxe4 e5 4. Nf3 f5 5. Ng3 f4 6. Ne4 Bf5 7. Qe2 Nc6 8. Nxe5 Nd4 9. Qc4 Be6 10. Qa4+ c6 11. c3 Nf5 12. d4 g5 13. Be2 Be7 14. Bh5+ Kf8 15. g3 fxg3 16. fxg3 Kg7 17. 0-0 Ngh6 18. Nf3 c5 19. Nexg5 Bd7 20. Qb3 Qb6 21. Qxb6 axb6 22. Ne5 Bc8 23. g4 Nh4 24. Ngf7 Ng8 25. Nxh8 Kxh8 26. d5 c4 27. Nf7+ Kg7 28. Be3 Bd7 29. Bd4+ Bf6 30. Rxf6 Nxf6 31. Rf1 Bf5 32. gxf5 Rxa2 33. d6 1-0